000 00279nam a22001337a 4500
008 170208b xxu||||| |||| 00| 0 eng d
020 _a9780880486538
041 _aeng
080 _a61
100 _a4
101 _aSHM
245 _aSOCIAL PHOBIA
_cSTEIN, M.B
942 _2udc
_cBK
999 _c4999
_d4999